000 00565nam a2200205Ia 4500
005 20250923145753.0
008 008 250917s9999 xx 000 0 eng d
037 _aTextual
040 _aDSWL
_beng
_cDSWL
041 _aeng
_2eng
084 _azG, N86.1 - N87.3
_qDSWL
245 4 _aThe moral and political writings of Mahatma Gandhi
_cEd. by R.Iyer
260 _aDelhi
_bOxford
_c1986
300 _axx,641p.
365 _aINR
_b225
490 _vVol. 3
925 _g225
942 _cTEXL
_hzG, N86.1 - N87.3
999 _c1455472
_d1455472